World Cup Final Goalscorers 1930-2022 - Statistics

General Stats
  • This quiz has been taken 107 times
  • The average score is 39 of 83
Answer Stats
Tournament Nation Score Player % Correct
2018 Russia France 4-1 Kylian Mbappe
97%
2022 Qatar France 2-1 Kylian Mbappe
97%
2022 Qatar France 2-2 Kylian Mbappe
97%
2022 Qatar France 3-3 Kylian Mbappe
97%
1998 France France 1-0 Zinedine Zidane
97%
1998 France France 2-0 Zinedine Zidane
97%
2006 Germany France 1-0 Zinedine Zidane
97%
2022 Qatar Argentina 1-0 Lionel Messi
95%
2022 Qatar Argentina 3-2 Lionel Messi
95%
2002 South Korea & Japan Brazil 1-0 Ronaldo
94%
2002 South Korea & Japan Brazil 2-0 Ronaldo
94%
2010 South Africa Spain 1-0 Andres Iniesta
91%
2014 Brazil Germany 1-0 Mario Gotze
91%
1958 Sweden Brazil 3-1 Pele
90%
1958 Sweden Brazil 5-2 Pele
90%
1970 Mexico Brazil 1-0 Pele
90%
1974 West Germany West Germany 2-1 Gerd Muller
86%
2022 Qatar Argentina 2-0 Angel Di Maria
84%
2018 Russia France 2-1 Antoine Griezmann
84%
2018 Russia France 3-1 Paul Pogba
80%
2018 Russia Croatia (OG) 1-0 Mario Mandzukic
79%
2018 Russia Croatia 4-2 Mario Mandzukic
79%
2018 Russia Croatia 1-1 Ivan Perisic
78%
2006 Germany Italy 1-1 Marco Materazzi
66%
1982 Spain Italy 1-0 Paolo Rossi
62%
1998 France France 3-0 Emmanuel Petit
57%
1954 Switzerland Hungary 1-0 Ferenc Puskas
56%
1990 Italy West Germany 1-0 Andreas Brehme
55%
1966 England England 1-1 Geoff Hurst
55%
1966 England England 3-2 Geoff Hurst
55%
1966 England England 4-2 Geoff Hurst
55%
1978 Argentina Argentina 1-0 Mario Kempes
54%
1978 Argentina Argentina 2-1 Mario Kempes
54%
1970 Mexico Brazil 4-1 Carlos Alberto
52%
1986 Mexico West Germany 2-1 Karl-Heinz Rummenigge
51%
1970 Mexico Brazil 3-1 Jairzinho
48%
1986 Mexico West Germany 2-2 Rudi Voller
44%
1958 Sweden Brazil 1-1 Vava
40%
1958 Sweden Brazil 2-1 Vava
40%
1962 Chile Brazil 3-1 Vava
40%
1974 West Germany Netherlands 1-0 Johannes Neeskens
38%
1986 Mexico Argentina 3-2 Jorge Burruchaga
38%
1986 Mexico Argentina 2-0 Jorge Valdano
34%
1982 Spain Italy 2-0 Marco Tardelli
34%
1974 West Germany West Germany 1-1 Paul Breitner
32%
1982 Spain West Germany 3-1 Paul Breitner
32%
1970 Mexico Brazil 2-1 Gerson
29%
1954 Switzerland West Germany 2-2 Helmut Rahn
29%
1954 Switzerland West Germany 3-2 Helmut Rahn
29%
1986 Mexico Argentina 1-0 Jose Brown
29%
1950 Brazil Uruguay 1-1 Juan Schiaffino
28%
1966 England England 2-1 Martin Peters
28%
1962 Chile Czechoslovakia 1-0 Josef Masopust
26%
1930 Uruguay Argentina 2-1 Guillermo Stabile
25%
1950 Brazil Uruguay 2-1 Alcides Ghiggia
24%
1982 Spain Italy 3-0 Alessandro Altobelli
24%
1978 Argentina Netherlands 1-1 Dirk Nanninga
24%
1938 France Italy 2-1 Silvio Piola
24%
1938 France Italy 4-2 Silvio Piola
24%
1958 Sweden Brazil 4-1 Mario Zagallo
23%
1930 Uruguay Uruguay 4-2 Agustin Castro
22%
1962 Chile Brazil 1-1 Amarildo
22%
1978 Argentina Argentina 3-1 Ricardo Bertoni
22%
1958 Sweden Sweden 1-0 Nils Liedholm
21%
1970 Mexico Italy 1-1 Roberto Boninsegna
21%
1950 Brazil Brazil 1-0 Albino Friaca
20%
1966 England West Germany 1-0 Helmut Haller
20%
1930 Uruguay Uruguay 2-2 Jose Cea
20%
1966 England West Germany 2-2 Wolfgang Weber
20%
1954 Switzerland West Germany 2-1 Maximilian Morlock
18%
1934 Italy Italy 1-1 Raimundo Orsi
18%
1954 Switzerland Hungary 2-0 Zoltan Czibor
18%
1930 Uruguay Argentina 1-1 Carlos Peucelle
17%
1930 Uruguay Uruguay 3-2 Victoriano Iriarte
17%
1934 Italy Italy 2-1 Angelo Schiavio
16%
1934 Italy Czechoslovakia 1-0 Antonin Puc
16%
1938 France Italy 1-0 Gino Colaussi
16%
1938 France Italy 3-1 Gino Colaussi
16%
1930 Uruguay Uruguay 1-0 Pablo Dorado
16%
1962 Chile Brazil 2-1 Zito
16%
1938 France Hungary 3-2 Gyorgy Sarosi
14%
1938 France Hungary 1-1 Pal Titkos
14%
1958 Sweden Sweden 4-2 Tore Simonsson
14%
No matching quizzes found
Score Distribution
Percent of People with Each Score
Percentile by Number Answered
Your Score History
You have not taken this quiz